00563nam a22001817a 450000500170000001000150001702000270003203500140005903700090007308200110008210000140009324500990010725000060020626000300021227000830024230000290032570000270035420250724152521.0 aENG-146131 a9789349015159c1695.00 aEN-129663 bDBAD a36423 aGaur, K D aTextbook on The Bharatiya Nagarik Suraksha Sanhita,2023/cK D Gaur [and] Revised By Madhu Gaur a3 aGurgaonbLexisNexisc2025 a14th Floor, Building No.10, Tower-B, DLF Cyber city, Phase-IIbGurgaone122002 alxxxvi, 912p. c24cm(pb) aGaur, Madhu eRevised